All NF Albums (Updated As Of November 14, 2025) - Statistics

General Stats
  • This quiz has been taken 40 times
  • The average score is 65 of 90
Answer Stats
Album Song % Correct
Clouds (The Mixtape) Clouds
100%
FEAR FEAR
100%
FEAR HOME
100%
HOPE HOPE
100%
Mansion Intro
100%
Mansion Mansion
100%
The Search The Search
100%
FEAR WASHED UP
100%
Perception Intro III
95%
HOPE MOTTO
95%
FEAR SORRY
95%
The Search When I Grow Up
95%
FEAR WHO I WAS
95%
FEAR GIVE ME A REASON
89%
HOPE RUNNING
89%
Therapy Session Therapy Session
89%
The Search Time
89%
The Search Trauma
89%
HOPE GONE
84%
HOPE HAPPY
84%
Therapy Session Intro 2
84%
The Search Leave Me Alone
84%
Perception Let You Down
84%
Clouds (The Mixtape) LOST
84%
The Search WHY
84%
Mansion Can You Hold Me
79%
The Search Change
79%
Clouds (The Mixtape) DRIFTING
79%
Therapy Session How Could You Leave Us
79%
Perception Lie
79%
HOPE MAMA
79%
HOPE MISTAKE
79%
Perception Outcast
79%
Perception Outro
79%
Clouds (The Mixtape) PAID MY DUES
79%
Clouds (The Mixtape) STORY
79%
HOPE SUFFICE
79%
Clouds (The Mixtape) THAT'S A JOKE
79%
Clouds (The Mixtape) TRUST
79%
HOPE BULLET
74%
HOPE CAREFUL
74%
The Search Hate Myself
74%
The Search Nate
74%
HOPE PANDEMONIUM
74%
The Search Returns
74%
HOPE TURN MY BACK
74%
Therapy Session All I Do
68%
Clouds (The Mixtape) LAYERS
68%
HOPE LET EM PRAY
68%
Mansion Paralyzed
68%
Perception 3 A.M.
63%
Therapy Session Breathe
63%
Perception Dreams
63%
Perception Green Lights
63%
Perception If You Want Love
63%
The Search -Interlude-
63%
Clouds (The Mixtape) JUST LIKE YOU
63%
The Search Let Me Go
63%
Therapy Session Lost in the Moment
63%
Mansion Notepad
63%
The Search Only
63%
Clouds (The Mixtape) PRIDEFUL
63%
Therapy Session Statement
63%
Perception You're Special
63%
Perception 10 Feet Down
58%
Mansion All I Have
58%
Therapy Session Grindin’
58%
Mansion I’ll Keep On
58%
Perception Know
58%
Mansion Motivated
58%
The Search My Stress
58%
The Search No Excuses
58%
The Search Options
58%
Therapy Session Real
58%
Perception Remember This
58%
Therapy Session I Just Wanna Know
53%
The Search I Miss the Days
53%
Perception My Life
53%
Therapy Session Oh Lord
53%
Perception One Hundred
53%
Mansion Turn the Music Up
53%
Mansion Wait
53%
Therapy Session Wish You Wouldn’t
53%
Perception Destiny
47%
The Search Like This
47%
Mansion Wake Up
47%
Mansion Face It
42%
Therapy Session Got You on My Mind
42%
Therapy Session I Can Feel It
42%
The Search Thinking
42%
No matching quizzes found
Score Distribution
Percent of People with Each Score
Percentile by Number Answered
Your Score History
You have not taken this quiz